000 00826nam a2200253Ia 4500
003 OSt
005 20220927110729.0
006 a|||||r|||| 00| 0
007 ta
008 220926b |||||||| |||| 00| 0 eng d
024 _a74270
037 _cReports
040 _aRTL
_cRTL
_beng
041 _2eng
_aeng
082 _a"X9.281.N5t4, J2"
110 _a"Delhi, Government of....Industries and Labour (Department of...)"
_9380003
245 0 _aReport of an industrial survey conducted in 1950-51 in state
260 _aDelhi
_bManager of Publications India
_c1952
300 _a300p.
_ccm.
650 _aIndustrial Economics
700 _a"Delhi, Government of....Industries and Labour (Department of...)"
_9380004
942 _h"X9.281.N5t4, J2"
_cCC
999 _c697756
_d697756